| Record ID | ia:galleryofhorror00gran |
| Source | Internet Archive |
| Download MARC XML | https://archive.org/download/galleryofhorror00gran/galleryofhorror00gran_marc.xml |
| Download MARC binary | https://www.archive.org/download/galleryofhorror00gran/galleryofhorror00gran_meta.mrc |
LEADER: 01529cam 2200277Ka 4500
001 ocm39758568
003 OCoLC
005 20100504134832.0
008 980827s1983 nyu 000 1 eng d
040 $aJDP$cJDP$dOCLCQ
019 $a42078170
020 $a0451454618
020 $a9780451454614
035 $a(OCoLC)39758568$z(OCoLC)42078170
050 4 $aPS648.H6$bG35x 1983
245 00 $aGallery of horror /$cedited by Charles L. Grant.
260 $aNew York :$bPenguin Group,$cc1983.
300 $a332 p. ;$c21 cm.
500 $a"A ROC book."
505 00 $tNona /$rStephen King --$tIn darkness, angels /$rEric Van Lustbader --$tThe Sunshine club /$rRamsey Campbell --$tThe Typewriter /$rDavid Morrell --$tThe Conqueror worm /$rStephen R. Donaldson --$tSomething nasty /$rWilliam F. Nolan --$tCanavan's back yard /$rJoseph Payne Brennan --$tDeath to the Easter Bunny /$rAlan Ryan --$tThe Rubber Room /$rRobert Bloch --$tPetey /$rT.E.D. Klein --$tOut of sorts /$rBernard Taylor --$tDown among the dean men /$rGardner Dozois & Jack Dann --$tThe Crazy Chinaman /$rJohn Coyne --$tGravid Babies /$rMichael Bishop --$tThe Chair /$rDennis Etchison --$tNunc Dimittis /$rTanith Lee --$tDerelicts /$rSteve Rasnic Tem --$tThe Arrows /$rChelsea Quinn Yarbro --$tTalent /$rTheodore Sturgeon --$tAim for the heart /$rCraig Shaw Gardner.
500 $a"10936."
650 0 $aHorror tales, American.
650 0 $aShort stories, American.
700 1 $aGrant, Charles L.
994 $aZ0$bPMR
948 $hNO HOLDINGS IN PMR - 44 OTHER HOLDINGS